000 00942nam a2200265Ia 4500
003 OSt
005 20221005104229.0
006 a|||||r|||| 00| 0
007 ta
008 221004b |||||||| |||| 00| 0 san d
024 _a43109
037 _cTextual
040 _aCRL
_cCRL
_bsan
041 _2san
_asan
082 _aO15,2:gN, 152M6
100 _aरामचन्द्र - गुणचन्द्र
245 0 _aनाट्य दर्पणम्
246 _aNāṭya darpaṇam
260 _aदिल्ली
_bपरिमल पब्लिकेशन्स भारत
_c1986
300 _a291पृ0
_ccm.
490 _aच्ंतपउंस ेंदेातपज ेमतपमे; 23
650 _aसंस्कृत साहित्य
942 _hO15,2:gN, 152M6
_cTEXL
_2cc
999 _c1012083
_d1012083